000 00498nam a2200181Ia 4500
003 OSt
005 20201203121500.0
008 190216s9999||||xx |||||||||||||| ||und||
020 _a9788171306015
040 _coclc
082 _a894.8123
_bMOH/C
100 _aMohanavarma, K L
_96455
245 0 _aCricket /
_cK L Mohanavarma
260 _bD C Books Kerala,
_c1996.
_aKottayam:
300 _a324p
650 _aNovel
942 _cBK
_2ddc
_h894.8123
_iMOH/C
_k894.8123
_mMOH/C
999 _c27336
_d27336